000 01240nam a2200325 a 4500
001 000015832
003 DO-SdBNP
005 20231206101344.0
006 a||||gr|||| 00| 0
007 ta
008 100219t1987 dr 000 0 spa d
040 _aDO-SdBNP
_bspa
_cBNPHU
_erda
082 4 _a336.0727
_bR789e
_222
100 1 _aRosario M., Gumersindo, del,
_935641
_eautor
245 1 0 _aEstructura impositiva y bienestar social en la República Dominicana 1976-1984. /
_cGumersindo del Rosario M., Susana Gámez.
264 4 _aSanto Domingo :
_bFundación Friedrich Ebert,
_c1987.
300 _a102 páginas :
_bIlustraciones, gráficas ;
_c22 cm.
336 _2rdaconten
_atexto
_btxt
337 _2rdamedia
_asin mediación
_bn
338 _2rdacarrier
_avolumen
_bnc
490 1 _aestudios económicos-sociales
500 _aIncluye bibliografía y notas al pie de páginas
504 _aBibliografía: páginas 99-100.
590 _aInventariado 2023 / MF
650 0 _aPolítica fiscal
_zRepública Dominicana
_xEstadísticas
_935642
650 0 _aGastos públicos
_zRepública Dominicana
_xEstadísticas
_935643
700 1 _aGámez, Susana
_964816
_eautora
830 0 _aEstudios económicos-sociales
_99518
942 _2ddc
_cLBS1
999 _c15376
_d15376